Disulfuro de carbono
Uloženo v:
| Médium: | Kniha |
|---|---|
| Jazyk: | španělština |
| Vydáno: |
Washington, D.C
OPS
1982
Washington, D.C OMS 1982 |
| Edice: | Criterios de Salud Ambiental. Publicación Científica, 426
|
| Témata: | |
| Tagy: |
Přidat tag
Žádné tagy, Buďte první, kdo vytvoří štítek k tomuto záznamu!
|
MARC
| LEADER | 00000nam a2200000 a 4500 | ||
|---|---|---|---|
| 001 | UCU3989 | ||
| 003 | CL-VaPUC | ||
| 008 | 960517e19820000us |||||||||||||||||spa|d | ||
| 082 | 0 | 4 | |a 613 |b DIS |2 21 |
| 245 | 1 | 0 | |a Disulfuro de carbono |
| 300 | |a 96 p | ||
| 942 | |c BK | ||
| 945 | |d 19960517 00:00:00 |a cmena | ||
| 260 | |a Washington, D.C |b OPS |c 1982 | ||
| 260 | |a Washington, D.C |b OMS |c 1982 | ||
| 650 | 0 | |a Salud |9 258663 | |
| 650 | 0 | |a Medio ambiente físico |9 347938 | |
| 650 | 7 | |a CONTAMINACION |2 CL-VaPUC |9 258139 | |
| 650 | 0 | |a Contaminación del aire |9 255745 | |
| 650 | 7 | |a PRODUCTOS QUIMICOS INORGANICOS |2 CL-VaPUC |9 344421 | |
| 650 | 0 | |a Carbono |9 328207 | |
| 583 | |a last modification |c 20171130 02:19:34 |k Rodrigo Vera | ||
| 490 | 0 | |a Criterios de Salud Ambiental. Publicación Científica, 426 | |
| 999 | |c 247826 |d 247824 | ||
| 952 | |0 0 |1 0 |4 0 |6 613_000000000000000_DIS_1982_1982 |7 0 |8 A |9 264013 |a BIBING |b BIBING |d 2019-11-19 |i 166073K |o 613 DIS 1982 1982 |p 166073K |r 2025-01-20 |w 2019-11-19 |y BK |k ING | ||